LEADER 01037nam a2200253 4500 001 000000350625 003 CaOOAMICUS 005 20220622160225.0 008 220622s2014 it 000 u ita r 020 $a978-88-15-24816-9 040 $aSeMil$bita 100 1 $aCova, Luciano,$d<1944- >.$0(OLS)http://semarc/name/70962 245 10$aPeccato originale :$bAgostino e il Medioevo /$cLuciano Cova. 264 3$aBologna :$bIl Mulino,$c2014. 300 $a389 p. ;$c22 cm 490 1 $aSaggi ;$v801 650 4$aPeccato originale - Concezione cristiana - Sec. 5.-13.$0(OLS)http://semarc/subject/52481 830 0$aSaggi ;$v801.$0(OLS)http://semarc/title/341 850 $aSeMil 852 $aSeMil$W1$xVenegono$y1$m2B III 560$j233329$B241633$CSeMilBibl$Z2$F241633 $81 996 $6020$a978-88-15-24816-9$9(OLS)http://semarc/number/296121 996 $6245$aPeccato originale :$bAgostino e il Medioevo$9(OLS)http://semarc/title/440421 996 $6264$aBologna :$bIl Mulino$9(OLS)http://semarc/publisher/29842 LEADER 00976nam a2200253 i 4500 001 000000107805 003 CaOOAMICUS 005 20191118110719.0 008 131028s1974 xx u000 u und u 013 $a80312 040 $aSeMil$bita 245 13$a1: Dentro le mura. 264 1$aMilano :$bMondadori,$c1974. 300 $a295 p. ;$c21 cm 490 0 $aScrittori italiani e stranieri 700 1 $aBassani, Giorgio <1916-2000>.$0(OLS)http://semarc/name/4459 773 0 $aBassani, Giorgio <1916-2000>$tRomanzo di Ferrara.$dMilano : Arnoldo Mondadori Editore, 1974.$w()28982 830 0$aScrittori italiani e stranieri.$0(OLS)http://semarc/title/2727 850 $aSeMil 852 $aSeMil$W1$xVenegono$y1$m1A II 16$j63901$B63901$CSeMilBibl$Z2$F187557 $81 961 $aOmaggio: Altro 996 $6245$a1: Dentro le mura$9(OLS)http://semarc/title/156455 996 $6264$aMilano :$bMondadori$9(OLS)http://semarc/publisher/30335